00448 2200181 4500001002100000008004100021035002000062245003200082100001800114250001000132260002900142300002800171020002200199084001400221082000800235650001000243990001300253INLIS000000000002446 ind  a0010-1123000002 aHamid BatagorcSuci Permata aPermata, Suci aCet.1 aJakarta :bBukune,c2022 axviii, 290 hlm.c19 cm. a978-602-220-471-8 a813 PER h a813 aFiksi a11903144